<?xml version="1.0" encoding="UTF-8"?>
<record
    xmlns:xsi="http://www.w3.org/2001/XMLSchema-instance"
    xsi:schemaLocation="http://www.loc.gov/MARC21/slim http://www.loc.gov/standards/marcxml/schema/MARC21slim.xsd"
    xmlns="http://www.loc.gov/MARC21/slim">

  <leader>01963nam a2200205Ia 4500</leader>
  <controlfield tag="001">IA_The quality of the tomato (Lycopersicon esculentum Mill.) depends on diverse internal and external factors, which that are to say on the chemical composition and on the appearance. In this work there were established that the native populations of tomato present different characteristics of quality (internal and external) in relation with the commercial varieties. Likewise, the pattern of maturity of the native populations is different from that of commercial varieties and that the native populations are better accepted by the consumers. The fruits were evaluated in three states of maturity, deciding the variables of response; acidity titulable, total soluble solids, pH, vitamin C, firmness, color, concentration of CO2 and ethylene, days postharvest and acceptability. The design was completely at random with arrangement factorial and for the acceptability a design of blocks at random. Both the chemical composition and the external factors evolve as it advances the maturity of the fruit, diminishing the firmness and the life postharvest, and increasing the total soluble solids, pH, acidity, the production of CO2 and ethylene. The native populations present excellent characteristics of quality in such a way that they can compete with commercial varieties.</controlfield>
  <controlfield tag="002">PATRONES DE MADURACION POSTCOSECHA EN POBLACIONES</controlfield>
  <controlfield tag="008">220117s    xx            000 0 und d</controlfield>
  <datafield tag="010" ind1=" " ind2=" ">
    <subfield code="a">185959</subfield>
  </datafield>
  <datafield tag="530" ind1=" " ind2=" ">
    <subfield code="a">Disponible en PDF</subfield>
  </datafield>
  <datafield tag="650" ind1=" " ind2=" ">
    <subfield code="a">Fruit maturity</subfield>
    <subfield code="9">156724</subfield>
  </datafield>
  <datafield tag="650" ind1=" " ind2=" ">
    <subfield code="a">Maduraci&#xF3;n de las fruras  </subfield>
    <subfield code="9">160824</subfield>
  </datafield>
  <datafield tag="650" ind1=" " ind2=" ">
    <subfield code="a">Tomates</subfield>
    <subfield code="x">Tecnolog&#xED;a postcosecha  </subfield>
    <subfield code="9">160825</subfield>
  </datafield>
  <datafield tag="650" ind1=" " ind2=" ">
    <subfield code="a">Tomatoes</subfield>
    <subfield code="x">Postharvest technology  </subfield>
    <subfield code="9">160826</subfield>
  </datafield>
  <datafield tag="700" ind1=" " ind2=" ">
    <subfield code="a">Garc&#xED;a Osorio, Cecilia, asesor</subfield>
    <subfield code="9">163763</subfield>
  </datafield>
  <datafield tag="700" ind1=" " ind2=" ">
    <subfield code="a">Mena Nevarez, Gustavo, asesor </subfield>
    <subfield code="9">163764</subfield>
  </datafield>
  <datafield tag="700" ind1="1" ind2=" ">
    <subfield code="a">Valle Guadarrama, Salvador</subfield>
    <subfield code="9">151202</subfield>
  </datafield>
  <datafield tag="942" ind1=" " ind2=" ">
    <subfield code="c">TESIS C65 2009</subfield>
  </datafield>
  <datafield tag="999" ind1=" " ind2=" ">
    <subfield code="c">185959</subfield>
    <subfield code="d">185959</subfield>
  </datafield>
</record>
